<?xml version="1.0" encoding="UTF-8"?>
<record
    xmlns:xsi="http://www.w3.org/2001/XMLSchema-instance"
    xsi:schemaLocation="http://www.loc.gov/MARC21/slim http://www.loc.gov/standards/marcxml/schema/MARC21slim.xsd"
    xmlns="http://www.loc.gov/MARC21/slim">

  <leader>01337nam a2200277 a 4500</leader>
  <controlfield tag="001">40055</controlfield>
  <controlfield tag="003">BD-RjUL</controlfield>
  <controlfield tag="005">20211209053127.0</controlfield>
  <controlfield tag="008">160421s1984    bg a|||| |||| 00| f ben d</controlfield>
  <datafield tag="020" ind1=" " ind2=" ">
    <subfield code="c">: Tk. 35.00</subfield>
  </datafield>
  <datafield tag="035" ind1=" " ind2=" ">
    <subfield code="a">(BD-RjUL) 40170</subfield>
  </datafield>
  <datafield tag="040" ind1=" " ind2=" ">
    <subfield code="a">BD-RjUL</subfield>
    <subfield code="b">ben</subfield>
    <subfield code="c">BD-RjUL</subfield>
  </datafield>
  <datafield tag="041" ind1=" " ind2=" ">
    <subfield code="a">ben</subfield>
  </datafield>
  <datafield tag="082" ind1=" " ind2=" ">
    <subfield code="2">23</subfield>
    <subfield code="a">833.912</subfield>
    <subfield code="b">KAK 1984</subfield>
  </datafield>
  <datafield tag="100" ind1=" " ind2=" ">
    <subfield code="a">&#x995;&#x9BE;&#x9AB;&#x995;&#x9BE;, &#x9AB;&#x9CD;&#x9B0;&#x9BE;&#x9A8;&#x9CE;&#x9AF; </subfield>
    <subfield code="9">123352</subfield>
  </datafield>
  <datafield tag="245" ind1="1" ind2="0">
    <subfield code="a">&#x995;&#x9BE;&#x9A0;&#x997;&#x9A1;&#x9BC;&#x9BE; /</subfield>
    <subfield code="c">&#x9AB;&#x9CD;&#x9B0;&#x9BE;&#x9A8;&#x9CE;&#x9AF; &#x995;&#x9BE;&#x9AB;&#x995;&#x9BE; ; &#x987;&#x982;&#x9B0;&#x9C7;&#x99C;&#x9BF; &#x985;&#x9A8;&#x9C1;&#x9AC;&#x9BE;&#x9A6;&#x995; : &#x9AF;&#x9CB;&#x9B8;&#x9C7;&#x9AB; &#x995;&#x9BE;&#x9CE;&#x9AF;, &#x9B2;&#x9BF;&#x9AF;&#x9BC; &#x995;&#x9BE;&#x9CE;&#x9AF; ; &#x9AC;&#x9BE;&#x982;&#x9B2;&#x9BE; &#x985;&#x9A8;&#x9C1;&#x9AC;&#x9BE;&#x9A6;&#x995; : &#x9B0;&#x9B6;&#x9C0;&#x9A6; &#x9B9;&#x9BE;&#x9AF;&#x9BC;&#x9A6;&#x9BE;&#x9B0;</subfield>
  </datafield>
  <datafield tag="300" ind1=" " ind2=" ">
    <subfield code="a">&#x9ED;&#x9ED; &#x9AA;&#x9C3;. :</subfield>
    <subfield code="b">&#x99A;&#x9BF;&#x9A4;&#x9CD;&#x9B0; ;</subfield>
    <subfield code="c">&#x9E8;&#x9E7; &#x9B8;&#x9C7;&#x9AE;&#x9BF;.</subfield>
  </datafield>
  <datafield tag="490" ind1=" " ind2=" ">
    <subfield code="a">&#x9AC;&#x9BE;. &#x98F;. ;</subfield>
    <subfield code="v">&#x9E7;&#x9E9;&#x9EA;&#x9E9;</subfield>
  </datafield>
  <datafield tag="650" ind1=" " ind2=" ">
    <subfield code="a">&#x99C;&#x9BE;&#x9B0;&#x9CD;&#x9AE;&#x9BE;&#x9A8; &#x989;&#x9AA;&#x9A8;&#x9CD;&#x9AF;&#x9BE;&#x9B8;</subfield>
    <subfield code="x">&#x9AC;&#x999;&#x9CD;&#x997;&#x9BE;&#x9A8;&#x9C1;&#x9AC;&#x9BE;&#x9A6;</subfield>
    <subfield code="z">&#x9E8;&#x9E6; &#x9B6;&#x9A4;&#x995;</subfield>
    <subfield code="9">123353</subfield>
  </datafield>
  <datafield tag="650" ind1=" " ind2=" ">
    <subfield code="a">German fiction</subfield>
    <subfield code="x">Translations into Bangali</subfield>
    <subfield code="y">20th century</subfield>
    <subfield code="9">123354</subfield>
  </datafield>
  <datafield tag="700" ind1=" " ind2=" ">
    <subfield code="a">&#x995;&#x9BE;&#x9CE;&#x9AF;, &#x9AF;&#x9CB;&#x9B8;&#x9C7;&#x9AB;, &#x987;&#x982;&#x9B0;&#x9C7;&#x99C;&#x9BF; &#x985;&#x9A8;&#x9C1;&#x9AC;&#x9BE;&#x9A6;&#x995;</subfield>
    <subfield code="9">123357</subfield>
  </datafield>
  <datafield tag="700" ind1=" " ind2=" ">
    <subfield code="a">&#x995;&#x9BE;&#x9CE;&#x9AF;, &#x9B2;&#x9BF;&#x9AF;&#x9BC;, &#x987;&#x982;&#x9B0;&#x9C7;&#x99C;&#x9BF; &#x985;&#x9A8;&#x9C1;&#x9AC;&#x9BE;&#x9A6;&#x995;</subfield>
    <subfield code="9">123358</subfield>
  </datafield>
  <datafield tag="700" ind1=" " ind2=" ">
    <subfield code="a">&#x9B9;&#x9BE;&#x9AF;&#x9BC;&#x9A6;&#x9BE;&#x9B0;, &#x9B0;&#x9B6;&#x9C0;&#x9A6;, &#x9AC;&#x9BE;&#x982;&#x9B2;&#x9BE; &#x985;&#x9A8;&#x9C1;&#x9AC;&#x9BE;&#x9A6;&#x995;</subfield>
    <subfield code="9">123359</subfield>
  </datafield>
  <datafield tag="830" ind1=" " ind2=" ">
    <subfield code="a">&#x9AC;&#x9BE;. &#x98F;. ;</subfield>
    <subfield code="v">&#x9E7;&#x9E9;&#x9EA;&#x9E9;</subfield>
    <subfield code="9">119822</subfield>
  </datafield>
  <datafield tag="942" ind1=" " ind2=" ">
    <subfield code="2">ddc</subfield>
    <subfield code="c">BK</subfield>
    <subfield code="0">1</subfield>
  </datafield>
  <datafield tag="999" ind1=" " ind2=" ">
    <subfield code="c">40055</subfield>
    <subfield code="d">40055</subfield>
  </datafield>
  <datafield tag="952" ind1=" " ind2=" ">
    <subfield code="0">0</subfield>
    <subfield code="1">0</subfield>
    <subfield code="2">ddc</subfield>
    <subfield code="4">0</subfield>
    <subfield code="7">0</subfield>
    <subfield code="8">FIC</subfield>
    <subfield code="a">RUCL</subfield>
    <subfield code="b">RUCL</subfield>
    <subfield code="c">Stack</subfield>
    <subfield code="d">1985-01-12</subfield>
    <subfield code="e">Bangla Academy, Dhaka</subfield>
    <subfield code="g">35.00</subfield>
    <subfield code="l">1</subfield>
    <subfield code="o">B 833.912 KAK 1984</subfield>
    <subfield code="r">2017-07-01 00:00:00</subfield>
    <subfield code="s">2017-05-25</subfield>
    <subfield code="t">C-2</subfield>
    <subfield code="w">2016-04-21</subfield>
    <subfield code="y">BK</subfield>
  </datafield>
</record>
